Detalles MARC
| 000 -LEADER |
| fixed length control field |
02076nam a2200505Ii 4500 |
| 001 - CONTROL NUMBER |
| control field |
DIGRVRT0245 |
| 003 - CONTROL NUMBER IDENTIFIER |
| control field |
NyNyDIG |
| 006 - FIXED-LENGTH DATA ELEMENTS--ADDITIONAL MATERIAL CHARACTERISTICS |
| fixed length control field |
m o d |
| 007 - PHYSICAL DESCRIPTION FIXED FIELD--GENERAL INFORMATION |
| fixed length control field |
cr ||||||||||| |
| 008 - FIXED-LENGTH DATA ELEMENTS--GENERAL INFORMATION |
| fixed length control field |
221126s2021 sp a o 001 0 spa d |
| 035 ## - SYSTEM CONTROL NUMBER |
| System control number |
(OCoLC)1352725379 |
| 040 ## - CATALOGING SOURCE |
| Original cataloging agency |
DGITA |
| Language of cataloging |
eng |
| Description conventions |
rda |
| -- |
pn |
| Transcribing agency |
DGITA |
| 020 ## - INTERNATIONAL STANDARD BOOK NUMBER |
| International Standard Book Number |
9788429191028 |
| Qualifying information |
e-book |
| -- |
pdf |
| 020 ## - INTERNATIONAL STANDARD BOOK NUMBER |
| Canceled/invalid ISBN |
9788429148909 |
| Qualifying information |
papel |
| 041 1# - LANGUAGE CODE |
| Language code of text/sound track or separate title |
spa |
| Language code of original |
eng |
| 050 14 - LIBRARY OF CONGRESS CALL NUMBER |
| Classification number |
TJ255 ebook |
| 082 04 - DEWEY DECIMAL CLASSIFICATION NUMBER |
| Classification number |
621.1 |
| 100 1# - MAIN ENTRY--PERSONAL NAME |
| Personal name |
Severns, William H. |
| Fuller form of name |
(William Harrison), |
| Dates associated with a name |
1888-1956, |
| Relator term |
author. |
| 240 10 - UNIFORM TITLE |
| Uniform title |
Steam, air, and gas power. |
| Language of a work |
Spanish |
| Version |
(Batlle Gayán) |
| 245 10 - TITLE STATEMENT |
| Title |
Energía mediante vapor, aire o gas / |
| Statement of responsibility, etc. |
W. H. Severns, H. E. Degler, J. C. Miles ; versión española por José Batlle Gayán. |
| 264 #1 - PRODUCTION, PUBLICATION, DISTRIBUTION, MANUFACTURE, AND COPYRIGHT NOTICE |
| Place of production, publication, distribution, manufacture |
Barcelona : |
| Name of producer, publisher, distributor, manufacturer |
Editorial Reverté, |
| Date of production, publication, distribution, manufacture, or copyright notice |
[2021] |
| 300 ## - PHYSICAL DESCRIPTION |
| Extent |
1 online resource : |
| Other physical details |
illustrations. |
| 336 ## - CONTENT TYPE |
| Content type term |
text |
| Content type code |
txt |
| Source |
rdacontent |
| 337 ## - MEDIA TYPE |
| Media type term |
computer |
| Media type code |
c |
| Source |
rdamedia |
| 338 ## - CARRIER TYPE |
| Carrier type term |
online resource |
| Carrier type code |
cr |
| Source |
rdacarrier |
| 347 ## - DIGITAL FILE CHARACTERISTICS |
| File type |
text file |
| Source |
rdaft |
| 347 ## - DIGITAL FILE CHARACTERISTICS |
| Encoding format |
PDF |
| 500 ## - GENERAL NOTE |
| General note |
Includes index. |
| 588 0# - SOURCE OF DESCRIPTION NOTE |
| Source of description note |
Online resource; title from PDF title page (Digitalia, viewed November 26, 2022) |
| 650 #0 - SUBJECT ADDED ENTRY--TOPICAL TERM |
| Topical term or geographic name entry element |
Steam engineering. |
| 650 #0 - SUBJECT ADDED ENTRY--TOPICAL TERM |
| Topical term or geographic name entry element |
Internal combustion engines. |
| 650 #0 - SUBJECT ADDED ENTRY--TOPICAL TERM |
| Topical term or geographic name entry element |
Compressed air. |
| 650 #0 - SUBJECT ADDED ENTRY--TOPICAL TERM |
| Topical term or geographic name entry element |
Pumping machinery. |
| 655 #0 - INDEX TERM--GENRE/FORM |
| Genre/form data or focus term |
Electronic books. |
| 700 1# - ADDED ENTRY--PERSONAL NAME |
| Personal name |
Degler, Howard Edward, |
| Dates associated with a name |
1893- |
| Relator term |
author. |
| 700 1# - ADDED ENTRY--PERSONAL NAME |
| Personal name |
Miles, John C., |
| Relator term |
author. |
| 700 1# - ADDED ENTRY--PERSONAL NAME |
| Personal name |
Batlle Gayán, José, |
| Relator term |
translator. |
| 700 1# - ADDED ENTRY--PERSONAL NAME |
| Relationship information |
Translation of: |
| Personal name |
Severns, William H. |
| Fuller form of name |
(William Harrison), |
| Dates associated with a name |
1888-1956. |
| Title of a work |
Steam, air, and gas power. |
| 791 2# - |
| -- |
Digitalia (Firm), |
| -- |
distributor. |
| 793 0# - |
| -- |
Digitalia eBook Collection: |
| -- |
Editorial Reverté |
| 776 08 - ADDITIONAL PHYSICAL FORM ENTRY |
| Relationship information |
Print version: |
| Main entry heading |
Severns, William H. (William Harrison), 1888-1956. |
| Uniform title |
Steam, air, and gas power. Spanish (Batlle Gayán). |
| Title |
Energía mediante vapor, aire o gas. |
| Place, publisher, and date of publication |
Barcelona : Editorial Reverté, [1976] |
| International Standard Book Number |
9788429148909 |
| 856 40 - ELECTRONIC LOCATION AND ACCESS |
| Materials specified |
Digitalia Hispánica |
| Uniform Resource Identifier |
<a href="https://www.digitaliapublishing.com/a/103355/">https://www.digitaliapublishing.com/a/103355/</a> |
| 910 ## - USER-OPTION DATA (OCLC) |
| User-option data |
Premium collection: 2022 |
| 942 ## - ADDED ENTRY ELEMENTS (KOHA) |
| Koha item type |
Recurso Electrónico |